Statistics for Name a Valid Asian Capital

Click here to take the quiz!

General Stats

  • This quiz has been taken 12,951 times
  • The average score is 12 of 19

Answer Stats

Name an Asian capital that … Capitals % Correct
has hosted the Summer OlympicsBeijing | Seoul | Tokyo
99%
is the capital of a country bordering CambodiaBangkok | Hanoi | Vientiane
92%
is on an islandBandar Seri Begawan | Dili | Jakarta | Manama |
Malè | Manila | Nicosia | Singapore |
Sri Jayawardenepura Kotte | Taipei | Tokyo
91%
is the capital of a Mediterranean countryAnkara | Beirut | Damascus | Jerusalem | Nicosia
89%
is the capital of a "Stan" countryAshgabat | Bishkek | Dushanbe |
Islamabad | Kabul | Nur-Sultan | Tashkent
86%
has an elevation greater than 1400mKabul | Kathmandu | Sana'a | Thimphu
82%
is south of the equatorDili | Jakarta
81%
is more than 1100 km away from any
other world capital
Bandar Seri Begawan | Dili | Manila |
Taipei | Tokyo | Ulaanbaatar
78%
has an average daily high temperature of
at least 33.3ºC (92F)
Abu Dhabi | Kuwait City | Muscat | Riyadh | Bangkok
68%
contains the letter CDamascus | Kuwait City | Muscat | Nicosia
65%
has 3 words in its nameBandar Seri Begawan | Sri Jayawardenepura Kotte
65%
received more than 9 million tourists in 2015Bangkok | Singapore | Kuala Lumpur | Taipei
63%
is one of the last three Asian capitals alphabeticallyUlaanbaatar | Vientiane | Yerevan
59%
is within 500km of the Caspian SeaAshgabat | Baku | Tbilisi | Tehran | Yerevan
50%
lies on the Mekong riverPhnom Penh | Vientiane
49%
gets 10cm or less of annual precipitationAbu Dhabi | Manama | Doha | Muscat
37%
is guessed less than 37% of the time
on the "Asia Capitals Quiz"
Ashgabat | Dushanbe | Naypyidaw |
Sri Jayawardenepura Kotte
32%
has between 3 and 4 million people in its urban areaAmman | Damascus | Hanoi | Kabul
29%
contain the letter Y twiceNaypyidaw | Pyongyang
27%

Score Distribution

Percentile by Number Answered

Percent of People with Each Score

Your Score History

You have not taken this quiz